[Event "RA-2011-0-00169"]
[Site "LSS email"]
[Date "2011.12.03"]
[Round "?"]
[White "Lizorkina, Veronika"]
[Black "Schneider, Bruno"]
[Result "1-0"]
[WhiteElo "2067"]
[BlackElo "2010"]
[PlyCount "66"]
[EventDate "2011.11.18"]
[EventType "tourn (corr)"]
[EventRounds "6"]
[EventCountry "GER"]
[SourceTitle "Telechess CBM 157"]
[Source "ChessBase"]
[SourceDate "2013.11.12"]
[SourceVersion "1"]
[SourceVersionDate "2013.11.12"]
[SourceQuality "1"]

1. d4 f5 2. c4 Nf6 3. Nc3 g6 4. Nf3 Bg7 5. g3 0-0 6. Bg2 d6 7. 0-0 Qe8 8. d5 a5 9. Be3 Bd7 10. Qb3 b6 11. Rad1 Na6 12. Qc2 Ng4 13. Bd4 Ne5 14. b3 Nxf3+ 15. exf3 Bxd4 16. Rxd4 a4 17. f4 Nb4 18. Qd2 axb3 19. axb3 Qf7 20. Nb5 Na6 21. Qc3 Rfc8 22. Rd2 Bxb5 23. cxb5 Nb8 24. b4 Nd7 25. Rfd1 Ra7 26. Re2 Re8 27. Rde1 Nf6 28. Re6 Nd7 29. Bf3 Nf8 30. R6e3 h5 31. h4 Nh7 32. Bd1 Qg7 33. Qc4 Qf7 1-0

[Event "RA-2011-0-00169"]
[Site "LSS email"]
[Date "2011.12.02"]
[Round "?"]
[White "Schneider, Bruno"]
[Black "Dehaybe, Andre"]
[Result "0-1"]
[WhiteElo "2010"]
[BlackElo "2140"]
[PlyCount "85"]
[EventDate "2011.11.18"]
[EventType "tourn (corr)"]
[EventRounds "6"]
[EventCountry "GER"]
[SourceTitle "Telechess CBM 157"]
[Source "ChessBase"]
[SourceDate "2013.11.12"]
[SourceVersion "1"]
[SourceVersionDate "2013.11.12"]
[SourceQuality "1"]

1. e4 e6 2. d4 d5 3. Nd2 c5 4. Ngf3 Nf6 5. e5 Nfd7 6. c3 Nc6 7. Bd3 Be7 8. 0-0 a5 9. Nb1 Qb6 10. Re1 cxd4 11. cxd4 Nxd4 12. Nxd4 Qxd4 13. Nc3 Qb6 14. Qg4 0-0 15. Bh6 g6 16. Bxf8 Bxf8 17. Na4 Qb4 18. Qxb4 axb4 19. b3 b6 20. Bb5 Rb8 21. Rac1 Nc5 22. Red1 Kg7 23. Rc2 Be7 24. Kf1 Nxa4 25. bxa4 Ra8 26. Rc7 Bd8 27. Rc6 Bd7 28. Rd6 Bxb5+ 29. axb5 Bc7 30. Rc6 Bd8 31. Rd2 Ra5 32. Rb2 Rxb5 33. a3 Be7 34. Rc7 Bc5 35. Rb3 Bd4 36. Rxb4 Rxb4 37. axb4 Bxe5 38. Rc6 Bd4 39. Ke2 Kf6 40. Rc2 Kf5 41. Rc7 Kf6 42. f3 h5 43. h4 0-1

[Event "RD-2011-0-00057"]
[Site "LSS email"]
[Date "2011.10.29"]
[Round "?"]
[White "Reede, Arvo"]
[Black "Schneider, Bruno"]
[Result "0-1"]
[WhiteElo "1669"]
[BlackElo "2010"]
[PlyCount "130"]
[EventDate "2011.07.22"]
[EventType "tourn (corr)"]
[EventRounds "6"]
[EventCountry "GER"]
[SourceTitle "Telechess CBM 157"]
[Source "ChessBase"]
[SourceDate "2013.11.12"]
[SourceVersion "1"]
[SourceVersionDate "2013.11.12"]
[SourceQuality "1"]

1. d4 f5 2. Nf3 Nf6 3. e3 e6 4. Be2 b6 5. 0-0 Bb7 6. c4 a5 7. Nc3 Be7 8. Ng5 0-0 9. a3 Qe8 10. Nh3 Nc6 11. f3 Ba6 12. Nb5 Qb8 13. Bd2 Na7 14. b4 Nxb5 15. cxb5 Bb7 16. bxa5 bxa5 17. Nf4 c5 18. dxc5 Bxc5 19. Kh1 a4 20. Nd3 Bb6 21. Nb2 Bc7 22. Qe1 Nh5 23. f4 Nf6 24. Nd3 Qa7 25. Nb4 Rac8 26. Bd3 Ne4 27. Bc1 Rf6 28. Bb2 Rg6 29. Rc1 Nf6 30. Rf2 Ng4 31. Bf1 Nxe3 32. Re2 Ng4 33. h3 Bxf4 34. Rxc8+ Bxc8 35. b6 Qb8 36. Nd3 Bg3 37. Qa5 Bb7 38. Be5 Nxe5 39. Nxe5 Rh6 40. Nf3 Qd6 41. Qc3 Qxb6 42. Rb2 Qc6 43. Qd3 Qc7 44. Rc2 Bc6 45. Be2 Bf2 46. Qd2 Bb6 47. Rc1 Qg3 48. Rxc6 dxc6 49. Qd7 Kf8 50. Qc8+ Kf7 51. Qb7+ Qc7 52. Qa6 Rg6 53. Bf1 Rg3 54. Bd3 g5 55. Bf1 h5 56. Qe2 Qd6 57. Ne5+ Kg7 58. Nc4 Qd5 59. Kh2 Bc7 60. Kg1 Rb3 61. Qd2 Qxd2 62. Nxd2 Rxa3 63. Bc4 Rc3 64. Bxe6 Rc1+ 65. Kf2 Rc2 0-1

[Event "RD-2011-0-00057"]
[Site "LSS email"]
[Date "2011.10.29"]
[Round "?"]
[White "Schneider, Bruno"]
[Black "Martins, Karin"]
[Result "1-0"]
[WhiteElo "2010"]
[BlackElo "1538"]
[PlyCount "40"]
[EventDate "2011.07.22"]
[EventType "tourn (corr)"]
[EventRounds "6"]
[EventCountry "GER"]
[SourceTitle "Telechess CBM 157"]
[Source "ChessBase"]
[SourceDate "2013.11.12"]
[SourceVersion "1"]
[SourceVersionDate "2013.11.12"]
[SourceQuality "1"]

1. e4 e5 2. Bc4 Nc6 3. Nf3 Bc5 4. c3 Nf6 5. d4 exd4 6. cxd4 Bb4+ 7. Bd2 Bxd2+ 8. Nbxd2 d5 9. exd5 Nxd5 10. 0-0 0-0 11. Re1 Bg4 12. Qc2 Nf6 13. Qc3 Nd5 14. Bxd5 Qxd5 15. Ne5 Bd7 16. Rad1 Nxd4 17. Nf1 c5 18. Nxd7 Qxd7 19. Qxc5 Rad8 20. Rd2 Qg4 1-0

[Event "OP-2011-0-01839"]
[Site "LSS email"]
[Date "2011.10.26"]
[Round "?"]
[White "Varas, Pablo"]
[Black "Schneider, Bruno"]
[Result "0-1"]
[WhiteElo "914"]
[BlackElo "2071"]
[PlyCount "74"]
[EventDate "2011.10.23"]
[EventType "tourn (corr)"]
[EventRounds "4"]
[EventCountry "GER"]
[SourceTitle "Telechess CBM 149"]
[Source "ChessBase"]
[SourceDate "2012.07.17"]
[SourceVersion "1"]
[SourceVersionDate "2012.07.17"]
[SourceQuality "1"]

1. d4 f5 2. g3 Nf6 3. Bg2 g6 4. Nc3 d5 5. e3 Bg7 6. Nge2 Nc6 7. Nf4 e6 8. 0-0 Qd7 9. b3 b6 10. Qe2 Bb7 11. Bd2 g5 12. Nd3 Ne4 13. b4 Nxd2 14. Qxd2 h5 15. Ne2 0-0-0 16. Rac1 h4 17. c4 hxg3 18. fxg3 Kb8 19. b5 Na5 20. Nc5 bxc5 21. Qxa5 cxd4 22. c5 d3 23. c6 Qe7 24. Nd4 Bc8 25. Rfd1 f4 26. Rxd3 fxe3 27. h3 g4 28. h4 Rdf8 29. Ne2 Qf6 30. Qe1 Bh6 31. Rd4 Qf2+ 32. Kh2 Rf6 33. Ra4 Bf8 34. Qxf2 Rxf2 35. Nc3 Bd6 36. Rxg4 Be5 37. Nd1 Re2 0-1

[Event "NRW Class1 0405"]
[Site "Germany"]
[Date "2005.01.30"]
[Round "6.6"]
[White "Mueller, Dieter"]
[Black "Schneider, Bruno"]
[Result "0-1"]
[WhiteElo "2199"]
[BlackElo "2192"]
[PlyCount "72"]
[EventDate "2004.10.10"]
[EventType "team"]
[EventRounds "9"]
[EventCountry "GER"]
[SourceTitle "EXT 2006"]
[Source "ChessBase"]
[SourceDate "2005.11.24"]
[SourceVersion "1"]
[SourceVersionDate "2005.11.24"]
[SourceQuality "1"]
[WhiteTeam "Koeln Brueck"]
[BlackTeam "Koeln Porz III"]
[WhiteTeamCountry "GER"]
[BlackTeamCountry "GER"]

1. f4 d5 2. Nf3 Nf6 3. b3 g6 4. Bb2 Bg7 5. e3 0-0 6. Be2 c5 7. 0-0 Nc6 8. h3 d4 9. Qc1 Nd5 10. c4 Nc7 11. exd4 cxd4 12. d3 Bh6 13. Nfd2 Ne6 14. g3 Nxf4 15. gxf4 Bxh3 16. Rf2 e5 17. Rh2 Qh4 18. Bf1 Qg4+ 19. Kh1 Bxf1 20. Qxf1 Bxf4 21. Rh3 f5 22. Nf3 Rad8 23. Rh4 Qg3 24. Rh3 Qg4 25. Rh4 Bg3 26. Rxg4 fxg4 27. Nbd2 gxf3 28. Qh3 Bf4 29. Nxf3 Rf5 30. Kg2 Rdf8 31. Ba3 R8f7 32. Rf1 Nd8 33. Qh4 Ne6 34. Nh2 Rh5 35. Qe1 Rxh2+ 36. Kg1 Rh3 0-1

[Event "NRW Class1 0405"]
[Site "Germany"]
[Date "2005.01.09"]
[Round "5.5"]
[White "Schneider, Bruno"]
[Black "Naiditsch, Irina"]
[Result "1-0"]
[WhiteElo "2192"]
[BlackElo "2141"]
[PlyCount "81"]
[EventDate "2004.10.10"]
[EventType "team"]
[EventRounds "9"]
[EventCountry "GER"]
[SourceTitle "EXT 2006"]
[Source "ChessBase"]
[SourceDate "2005.11.24"]
[SourceVersion "1"]
[SourceVersionDate "2005.11.24"]
[SourceQuality "1"]
[WhiteTeam "Koeln Porz III"]
[BlackTeam "Brackel"]
[WhiteTeamCountry "GER"]
[BlackTeamCountry "GER"]

1. Nf3 d5 2. g3 Nf6 3. Bg2 c6 4. d3 Nbd7 5. Nbd2 e5 6. c3 a5 7. 0-0 a4 8. e4 dxe4 9. dxe4 Bc5 10. Nc4 Qc7 11. Qc2 0-0 12. Bg5 Re8 13. Bh3 b5 14. Ne3 h6 15. Bxf6 Nxf6 16. Bxc8 Qxc8 17. Rfe1 g6 18. Kg2 Qe6 19. h3 Red8 20. a3 Ne8 21. Ng4 f6 22. Nxh6+ Kg7 23. Ng4 Nd6 24. Rad1 Rh8 25. Nh4 Rad8 26. f4 g5 27. Nf5+ Kf7 28. fxe5 fxe5 29. Rf1 Kg6 30. Nxd6 Rxd6 31. Rxd6 Qxd6 32. Rf6+ Qxf6 33. Nxf6 Kxf6 34. Qd1 Ke7 35. Qg4 Rf8 36. Qxg5+ Kd6 37. Qd2+ Ke6 38. h4 Bb6 39. h5 Bd8 40. Qh6+ Rf6 41. Qh8 1-0

[Event "Troisdorf op"]
[Site "Troisdorf"]
[Date "2004.12.07"]
[Round "6"]
[White "Schneider, Bruno"]
[Black "Schwarz, Andreas"]
[Result "1/2-1/2"]
[WhiteElo "2110"]
[BlackElo "1939"]
[PlyCount "49"]
[EventDate "2004.11.02"]
[EventType "swiss"]
[EventRounds "7"]
[EventCountry "GER"]
[SourceTitle "EXT 2006"]
[Source "ChessBase"]
[SourceDate "2005.11.24"]
[SourceVersion "1"]
[SourceVersionDate "2005.11.24"]
[SourceQuality "1"]

1. Nf3 c5 2. c4 b6 3. d4 cxd4 4. Nxd4 Nf6 5. Nc3 Bb7 6. f3 a6 7. e4 d6 8. Be3 e6 9. Bd3 Nbd7 10. 0-0 Be7 11. Qe2 0-0 12. Rad1 Qc7 13. g4 Ne5 14. g5 Nfd7 15. Rc1 Nxd3 16. Qxd3 Ne5 17. Qe2 Qxc4 18. Nd5 Bxd5 19. Rxc4 Bxc4 20. Qg2 Bxf1 21. Kxf1 Rfc8 22. f4 Nc4 23. Bc1 Na3 24. Be3 Nc4 25. Bc1 1/2-1/2

[Event "Troisdorf op"]
[Site "Troisdorf"]
[Date "2004.11.16"]
[Round "3"]
[White "Roumjanzew, Ilja"]
[Black "Schneider, Bruno"]
[Result "1-0"]
[WhiteElo "1754"]
[BlackElo "2110"]
[PlyCount "57"]
[EventDate "2004.11.02"]
[EventType "swiss"]
[EventRounds "7"]
[EventCountry "GER"]
[SourceTitle "EXT 2006"]
[Source "ChessBase"]
[SourceDate "2005.11.24"]
[SourceVersion "1"]
[SourceVersionDate "2005.11.24"]
[SourceQuality "1"]

1. e4 d6 2. d4 Nf6 3. Nc3 g6 4. f4 Bg7 5. Bd3 0-0 6. Nf3 Nc6 7. 0-0 Bg4 8. Be3 e5 9. dxe5 dxe5 10. h3 exf4 11. Bxf4 Nh5 12. Bh2 Bd4+ 13. Kh1 Bxf3 14. Qxf3 Ne5 15. Qe2 Qh4 16. Qe1 Qg5 17. Be2 Ng7 18. Nd5 Nc6 19. Bf4 Qd8 20. Bxc7 Qd7 21. c3 Rae8 22. cxd4 f5 23. Bc4 Kh8 24. Be5 Nxe5 25. dxe5 Rxe5 26. Qc3 Rxe4 27. Nf6 Rxc4 28. Nxd7 Rxc3 29. bxc3 1-0

[Event "Troisdorf op"]
[Site "Troisdorf"]
[Date "2004.11.09"]
[Round "2"]
[White "Schneider, Bruno"]
[Black "Bonus, Christian"]
[Result "1-0"]
[WhiteElo "2110"]
[BlackElo "1462"]
[PlyCount "99"]
[EventDate "2004.11.02"]
[EventType "swiss"]
[EventRounds "7"]
[EventCountry "GER"]
[SourceTitle "EXT 2006"]
[Source "ChessBase"]
[SourceDate "2005.11.24"]
[SourceVersion "1"]
[SourceVersionDate "2005.11.24"]
[SourceQuality "1"]

1. e4 c5 2. Nc3 Nc6 3. g3 d6 4. Bg2 g6 5. d3 Bg7 6. Be3 Nf6 7. h3 0-0 8. Nge2 Bd7 9. Qd2 Rb8 10. 0-0 b5 11. Nd5 Ne8 12. Bh6 e6 13. Bxg7 Nxg7 14. Ne3 f5 15. c3 Ne7 16. Rad1 Bc6 17. exf5 Bxg2 18. Nxg2 Rxf5 19. d4 c4 20. Ne3 Rf7 21. Ng4 Nef5 22. Nf4 h5 23. Ne3 Nh4 24. Qe2 Qg5 25. Neg2 Nxg2 26. Nxg2 Rbf8 27. h4 Qg4 28. Qxg4 hxg4 29. Ne3 Nf5 30. Nxg4 Kg7 31. Rde1 Re7 32. Kg2 d5 33. Re2 b4 34. Rfe1 Rfe8 35. Ne5 bxc3 36. bxc3 Rb7 37. Nf3 Kf6 38. g4 Nd6 39. Ng5 Ne4 40. Nxe4+ dxe4 41. Rxe4 Rb2 42. g5+ Kf7 43. R1e2 Rxe2 44. Rxe2 Rd8 45. Rb2 Rd7 46. Rb4 Rc7 47. Kf3 Ke7 48. Ke4 Kd6 49. Ra4 Rh7 50. Ra6+ 1-0

[Event "Markdorf op"]
[Site "Markdorf"]
[Date "2004.05.23"]
[Round "7"]
[White "Schneider, Bruno"]
[Black "Sokratov, Stanislav"]
[Result "1-0"]
[WhiteElo "1981"]
[BlackElo "1925"]
[PlyCount "83"]
[EventDate "2004.05.20"]
[EventType "swiss"]
[EventRounds "7"]
[EventCountry "GER"]
[SourceTitle "EXT 2007"]
[Source "ChessBase"]
[SourceDate "2006.11.23"]
[SourceVersion "1"]
[SourceVersionDate "2006.11.23"]
[SourceQuality "1"]

1. e4 c5 2. c3 Nf6 3. e5 Nd5 4. d4 cxd4 5. Qxd4 e6 6. Nf3 Be7 7. Qg4 Rg8 8. Bd3 f5 9. Qh5+ Kf8 10. Qxh7 Nc6 11. Bc4 Nb6 12. Bb5 Qe8 13. Bxc6 bxc6 14. b3 Bb7 15. Ng5 c5 16. Rg1 c4 17. Qh4 Qg6 18. Ba3 Nc8 19. Bxe7+ Nxe7 20. Na3 Qh6 21. Nh7+ Kf7 22. Qxh6 gxh6 23. Nxc4 Rxg2 24. Nd6+ Kg7 25. Rxg2+ Bxg2 26. Nf6 Bc6 27. 0-0-0 Kf8 28. Rg1 Nd5 29. Rg8+ Ke7 30. Rxa8 Bxa8 31. Nxd5+ Bxd5 32. Nc8+ Kf7 33. Nxa7 Kg6 34. c4 Ba8 35. Nc8 Kg5 36. Nb6 Bc6 37. b4 Kf4 38. b5 Bb7 39. Nxd7 Kf3 40. c5 Kxf2 41. c6 Bc8 42. b6 1-0

[Event "Markdorf op"]
[Site "Markdorf"]
[Date "2004.05.20"]
[Round "2"]
[White "Baur, Volker"]
[Black "Schneider, Bruno"]
[Result "1-0"]
[WhiteElo "1893"]
[BlackElo "1981"]
[PlyCount "93"]
[EventDate "2004.05.20"]
[EventType "swiss"]
[EventRounds "7"]
[EventCountry "GER"]
[SourceTitle "EXT 2007"]
[Source "ChessBase"]
[SourceDate "2006.11.23"]
[SourceVersion "1"]
[SourceVersionDate "2006.11.23"]
[SourceQuality "1"]

1. d4 f5 2. Nc3 Nf6 3. Bg5 b6 4. Bxf6 exf6 5. e3 Bb7 6. Nge2 g6 7. Qd2 Bh6 8. h4 Nc6 9. 0-0-0 d5 10. Nf4 Bxf4 11. exf4 Kf7 12. Re1 Qd7 13. h5 Kg7 14. Be2 Na5 15. Rh3 Nc4 16. Bxc4 dxc4 17. h6+ Kf7 18. Qe2 Rhe8 19. Qxc4+ Bd5 20. Rxe8 Bxc4 21. Rxa8 Qxd4 22. Rh8 Qxf4+ 23. Kb1 Qxf2 24. Rxh7+ Kg8 25. Rd7 Qe1+ 26. Nd1 Qe8 27. Rxc7 Be6 28. Rxa7 f4 29. Rha3 Bd5 30. Rg7+ Kh8 31. Raa7 Bg8 32. Rae7 Qa8 33. a3 Qd5 34. Rd7 Qa8 35. Rge7 Qxg2 36. h7 Bxh7 37. Rxh7+ Kg8 38. Rhe7 Qa8 39. Rg7+ Kf8 40. Rh7 Kg8 41. Rdg7+ Kf8 42. Rh8+ Kxg7 43. Rxa8 g5 44. Nf2 f5 45. Kc1 f3 46. Kd2 g4 47. Nxg4 1-0

[Event "Oberliga Wuerttemberg 0001"]
[Site "Wuerttemberg"]
[Date "2001.03.11"]
[Round "7"]
[White "Funke, Detlev"]
[Black "Schneider, Bruno"]
[Result "1-0"]
[WhiteElo "2198"]
[BlackElo "2090"]
[PlyCount "59"]
[EventDate "2000.10.15"]
[EventType "team"]
[EventRounds "9"]
[EventCountry "GER"]
[SourceTitle "EXT 2019"]
[Source "ChessBase"]
[SourceDate "2018.10.10"]
[SourceVersion "1"]
[SourceVersionDate "2018.10.10"]
[SourceQuality "1"]

1. c4 e5 2. Nc3 Nf6 3. g3 Bc5 4. Bg2 0-0 5. e3 Re8 6. Nge2 Nc6 7. 0-0 e4 8. d3 exd3 9. Qxd3 Ne5 10. Qc2 c6 11. Rd1 Bb6 12. b3 d6 13. Ba3 Bc7 14. h3 Qe7 15. Rd2 Be6 16. Rad1 Bxc4 17. bxc4 Nxc4 18. Bb2 Nxd2 19. Rxd2 d5 20. Nd4 g6 21. Nf3 Bd8 22. Qa4 Nd7 23. Qf4 Nb6 24. Bf1 f6 25. Bd3 Bc7 26. Qg4 Nd7 27. e4 dxe4 28. Bc4+ Kf8 29. Rxd7 f5 30. Rxe7 1-0

[Event "Boeblingen op 13th"]
[Site "Boeblingen"]
[Date "1996.??.??"]
[Round "?"]
[White "Schneider, Bruno"]
[Black "Zeller, Frank"]
[Result "0-1"]
[WhiteElo "2025"]
[BlackElo "2410"]
[PlyCount "100"]
[EventDate "1996.12.??"]
[EventType "swiss"]
[EventRounds "9"]
[EventCountry "GER"]
[SourceTitle "EXT 2001"]
[Source "ChessBase"]
[SourceDate "2000.11.22"]
[SourceVersion "1"]
[SourceVersionDate "2000.11.22"]
[SourceQuality "1"]

1. e4 c5 2. Nf3 d6 3. d4 cxd4 4. Nxd4 Nf6 5. Nc3 Nc6 6. f3 e5 7. Nb3 Be7 8. Be3 0-0 9. Qd2 a5 10. a4 Nb4 11. Rd1 Be6 12. Qf2 Qc8 13. Na1 d5 14. exd5 Nfxd5 15. Nxd5 Nxd5 16. Bd3 f5 17. Qe2 e4 18. Bb5 exf3 19. Qxf3 Nxe3 20. Qxe3 f4 21. Qe4 Bc5 22. Nb3 Be3 23. Nd4 Bg4 24. Nf3 Kh8 25. c3 Qc5 26. Rd5 Qb6 27. Ng5 Qh6 28. h4 Bh5 29. Rd6 Bg6 30. Qe5 Bc1 31. Kf2 f3 32. g3 Bxb2 33. h5 Ba3 34. Re6 Bc1 35. Rxc1 Qxh5 36. Re7 Rf6 37. g4 Qh4+ 38. Ke3 f2 39. Be2 Raf8 40. Rf1 h6 41. Nf3 Qxg4 42. Rxf2 Bh5 43. Nd4 Qg1 44. Qxh5 Qc1+ 45. Kd3 Qb1+ 46. Kd2 Rxf2 47. Qe5 Qb2+ 48. Nc2 Rd8+ 49. Ke1 Rxe2+ 50. Qxe2 Qc1+ 0-1